[Event "17th Corsican Circuit Final"]
[Site "Bastia FRA"]
[Date "2013.10.20"]
[Round "1.1"]
[White "Naiditsch,A"]
[Black "Shchekachev,A"]
[Result "1-0"]
[WhiteElo "2724"]
[BlackElo "2517"]

1.e4 c5 2.Nf3 e6 3.d4 cxd4 4.Nxd4 a6 5.Bd3 Nf6 6.O-O Qc7 7.Kh1 Bc5 8.Nb3 Be7
9.c4 d6 10.Nc3 b6 11.Bd2 Bb7 12.Rc1 Nbd7 13.f4 O-O 14.Qe2 Rfe8 15.Nd4 Bf8
16.Nf3 Rad8 17.b4 g6 18.a3 Bg7 19.Qf2 Rc8 20.Qh4 Qd8 21.Qh3 Rc7 22.Ng5 Qe7
23.Rce1 Nh5 24.Ne2 Rec8 25.Ng3 Nxg3+ 26.hxg3 h6 27.Nf3 Nf6 28.f5 g5 29.e5 dxe5
30.Nxe5 Rd8 31.Bc3 Bc8 32.fxe6 Bxe6 33.Bf5 Re8 34.Nxf7 Bxf5 35.Rxe7 Bxh3
36.Rxc7 Ne4 37.Bxg7 Nxg3+ 38.Kg1 Nxf1 39.Nxh6+ Kh7 40.gxh3 Ne3 41.Ng4 Nxg4
42.hxg4 Re4 43.Bd4+ Kg6 44.Rc6+ Kf7 45.Bxb6 Rxg4+ 46.Kf2 Ke8 47.Ke1  1-0

[Event "TCh-CZE Vychod 2013-14"]
[Site "Czech Rep CZE"]
[Date "2013.10.20"]
[Round "1.2"]
[White "Malik,J"]
[Black "Bernasek,J"]
[Result "0-1"]
[WhiteElo "2257"]
[BlackElo "2539"]

1.e4 c5 2.Nf3 e6 3.d4 cxd4 4.Nxd4 a6 5.Bd3 Bc5 6.Nb3 Ba7 7.Qe2 Nc6 8.Be3 d6
9.Nc3 Nge7 10.f4 b5 11.O-O O-O 12.Rad1 Qc7 13.Bxa7 Qxa7+ 14.Kh1 b4 15.Na4 Bd7
16.e5 dxe5 17.Nac5 Be8 18.fxe5 Ng6 19.Bxg6 hxg6 20.Rf3 a5 21.Qe3 Qc7 22.Rd6 a4
23.Nc1 Ne7 24.Rxe6 Nf5 25.Rxf5 gxf5 26.Rd6 Rc8 27.N1d3 Bb5 28.h3 Bxd3 29.Nxd3 Rfe8
30.Qd4 Qxc2 31.Qxb4 Qe2 32.Qxa4 Rxe5 33.Qd4 Re4 34.Qd5 Qf1+ 35.Kh2 Rc2 36.Rd8+ Kh7
37.Rh8+ Kxh8  0-1

[Event "Dombai Open 2013"]
[Site "Dombai RUS"]
[Date "2013.10.21"]
[Round "4.3"]
[White "Sarana,A"]
[Black "Maletin,P"]
[Result "0-1"]
[WhiteElo "2244"]
[BlackElo "2596"]

1.e4 c5 2.Nf3 e6 3.d4 cxd4 4.Nxd4 a6 5.Bd3 Bc5 6.Nb3 Be7 7.Qg4 g6 8.Qe2 d6
9.O-O Qc7 10.a4 Nd7 11.Na3 Ne5 12.Nc4 Nxc4 13.Bxc4 Bd7 14.Be3 Nf6 15.Nd2 O-O
16.a5 Bc6 17.Bb6 Qc8 18.Bd3 Nd7 19.Bd4 Qc7 20.Nc4 Rae8 21.e5 dxe5 22.Nxe5 Nxe5
23.Bxe5 Bd6 24.Rfe1 Rd8 25.Bxd6 Rxd6 26.Qe5 Rfd8 27.b4 Qe7 28.Rab1 Rd4 29.b5 axb5
30.Bxb5 R4d5 31.Qe2 Rd2 32.Qe3 Rxc2 33.Bxc6 Rxc6 34.Rb5 Rc2 35.Qf3 Rd7 36.g3 Rcd2
37.Reb1 R2d5 38.Kg2 Rxb5 39.Rxb5 Kg7 40.Qe4 Qd8 41.h4 h5 42.Qe5+ Qf6 43.Qxf6+ Kxf6
44.Kf3 Rd5 45.Rxb7 Rxa5 46.Ke4 Ra2 47.Ke3 e5 48.Kf3 Ke6 49.Rb6+ Kf5 50.Rb7 f6
51.Rb6 Ra4 52.Ke3 g5 53.hxg5 Kxg5 54.Re6 h4 55.gxh4+ Rxh4 56.Kf3 Kf5 57.Ra6 e4+
58.Ke2 Rh3 59.Kf1 Rb3 60.Kg2 Kg5 61.Ra8 f5 62.Rg8+ Kf4 63.Rh8 Rb2 64.Rh3 Ke5
65.Rh8 Ra2 66.Rg8 Ra1 67.Rh8 f4 68.Re8+ Kd4 69.Rd8+ Kc3 70.Rd7 Re1 71.Rd8 Kc2
72.Rd4 Kc3 73.Rd8 Rb1 74.Rd7 Kc2 75.Rd4 Re1 76.Ra4 Kc3 77.Ra3+ Kd4 78.Ra4+ Ke5
79.Ra5+ Ke6 80.Ra6+ Kf5 81.Ra5+ Kf6 82.Ra8 Rb1 83.Rf8+ Ke5 84.Re8+ Kd4 85.Rd8+ Kc4
86.Rd7 Rb2 87.Kf1 Rb5 88.Ke2 Rb2+ 89.Kf1 Rb3 90.Rc7+ Kd5 91.Rd7+ Ke5 92.Kg2 Rb2
93.Kf1 Rb1+ 94.Kg2 f3+ 95.Kh2 Rf1 96.Rd2 Kf4 97.Ra2 Kg5 98.Rb2 Kg4 99.Ra2 Rd1
100.Ra8 e3 101.Rg8+ Kh5 102.Rh8+ Kg6 103.Rg8+ Kh7  0-1

[Event "Caissa IM Oct 2013"]
[Site "Kecskemet HUN"]
[Date "2013.10.22"]
[Round "4.3"]
[White "Meszaros,An"]
[Black "Erdelyi,T"]
[Result "1/2-1/2"]
[WhiteElo "2299"]
[BlackElo "2144"]

1.e4 c5 2.Nf3 e6 3.d4 cxd4 4.Nxd4 a6 5.Bd3 Bc5 6.Nb3 Be7 7.O-O d6 8.Qe2 Nd7
9.Kh1 b6 10.f4 Bb7  1/2-1/2

[Event "17th Unive Open 2013"]
[Site "Hoogeveen NED"]
[Date "2013.10.23"]
[Round "6.20"]
[White "Zepeda,L"]
[Black "Piasetski,L"]
[Result "1/2-1/2"]
[WhiteElo "2156"]
[BlackElo "2295"]

1.e4 c5 2.Nf3 e6 3.d4 cxd4 4.Nxd4 a6 5.Bd3 Bc5 6.Nb3 Be7 7.Qg4 g6 8.Qe2 d6
9.O-O b6 10.a4 Nc6 11.Na3 Nf6 12.Nc4 O-O 13.a5 Nd7 14.axb6 Nxb6 15.Nxb6 Qxb6
16.Be3 Qc7 17.Bxa6 Bxa6 18.Rxa6 Rxa6 19.Qxa6 Nb4 20.Qa4 Rb8 21.Nd4 d5 22.exd5 Nxd5
23.Bh6 Bf8 24.Bxf8 Kxf8 25.c3 Qb7 26.Qa3+ Kg8 27.Qd6 Qxb2 28.Nxe6 Nxc3 29.Nd4 Qb4  1/2-1/2

[Event "17th Unive Open 2013"]
[Site "Hoogeveen NED"]
[Date "2013.10.26"]
[Round "9.15"]
[White "Brookes,C"]
[Black "De Jong,M"]
[Result "1-0"]
[WhiteElo "2136"]
[BlackElo "2345"]

1.e4 c5 2.Nf3 e6 3.d4 cxd4 4.Nxd4 a6 5.Bd3 Ne7 6.O-O Nbc6 7.Nb3 Ng6 8.Be3 Be7
9.c4 O-O 10.Nc3 Nge5 11.Be2 d6 12.f4 Nd7 13.Bd3 b6 14.Qf3 Bb7 15.Rad1 Qc7
16.a3 Nc5 17.Nxc5 dxc5 18.Qh3 Nd4 19.e5 g6 20.Ne4 Bxe4 21.Bxe4 Rad8 22.Bxd4 Rxd4
23.Rxd4 cxd4 24.Qd3 b5 25.cxb5 axb5 26.g3 b4 27.axb4 Bxb4 28.Rf2 Qa5 29.Rc2 Rd8
30.h4 Qa1+ 31.Kg2 Kg7 32.h5 Be7 33.Kh3 Rb8 34.Rc7 Bd8 35.Rd7 gxh5 36.f5 exf5
37.Qc4 Be7 38.Rxe7 Rf8 39.Bf3 Qxb2 40.Qc6 Qd2 41.Qf6+ Kg8 42.e6  1-0

[Event "13th Sautron Open 2013"]
[Site "Sautron FRA"]
[Date "2013.10.26"]
[Round "1.3"]
[White "Richard,E"]
[Black "Avrukh,B"]
[Result "0-1"]
[WhiteElo "2118"]
[BlackElo "2576"]

1.e4 c5 2.Nf3 e6 3.d4 cxd4 4.Nxd4 a6 5.Bd3 Bc5 6.Nb3 Be7 7.O-O d6 8.c4 Nf6
9.Nc3 b6 10.Qe2 Bb7 11.f4 Nbd7 12.Bc2 Qc7 13.Be3 g6 14.a4 Rb8 15.Bd4 O-O
16.Rad1 Rbc8 17.Nd2 Nb8 18.e5 Nc6 19.Nf3 Nh5 20.exd6 Bxd6 21.Be5 Nxe5 22.Nxe5 Nxf4
23.Rxf4 Bxe5 24.Rh4 Bf6 25.Rh3 Qxc4 26.Bd3 Qb4 27.Rf1 Bxc3  0-1

[Event "3rd Panama Open"]
[Site "Panama City PAN"]
[Date "2013.10.30"]
[Round "1.1"]
[White "Llaudy Pupo,L"]
[Black "Bruzon Batista,L"]
[Result "0-1"]
[WhiteElo "2269"]
[BlackElo "2685"]

1.e4 c5 2.Nf3 e6 3.d4 cxd4 4.Nxd4 a6 5.Bd3 Nf6 6.Qe2 d6 7.c4 b6 8.Nc3 Bb7
9.O-O g6 10.f4 Bg7 11.Nf3 O-O 12.Bd2 Nbd7 13.Kh1 Rc8 14.Rae1 Qc7 15.Ng5 Bc6
16.b4 Ba8 17.a3 Nh5 18.Rc1 Qd8 19.Qg4 Qe7 20.Qh3 Rc7 21.Rc2 h6 22.Nf3 Rfc8
23.Rfc1 Qf6 24.Ne2 b5 25.cxb5 Rxc2 26.Rxc2 Rxc2 27.Bxc2 Qb2 28.Ne1 axb5 29.Qd3 Ndf6
30.Nc3 Ng4 31.Nd1 Qa1 32.Qxb5 Bxe4 33.Qe8+ Kh7 34.Bb3 Qd4 35.Bc1 Nf2+  0-1

[Event "3rd Panama Open"]
[Site "Panama City PAN"]
[Date "2013.10.31"]
[Round "2.6"]
[White "Obregon Rivero,J"]
[Black "Davila,C"]
[Result "1/2-1/2"]
[WhiteElo "2526"]
[BlackElo "2334"]

1.e4 c5 2.Nf3 e6 3.d4 cxd4 4.Nxd4 a6 5.Bd3 Qc7 6.O-O Nf6 7.Qe2 d6 8.c4 g6
9.Nc3 Bg7 10.Be3 O-O 11.f4 Nbd7 12.Rac1 b6 13.b4 Bb7 14.Nb3 Rac8 15.a4 Rfe8
16.a5 bxa5 17.Nxa5 Ba8 18.c5 dxc5 19.Bxa6 Rb8 20.Nc4 Rxb4 21.e5 Nd5 22.Bd2 Rbb8
23.Ne4 Nb4 24.Ncd6 Rf8 25.Bb5 Bxe4 26.Qxe4 Nd5 27.Kh1 N7b6 28.Ba5 Qa7 29.Ra1 Nc8
30.Nxc8 Rfxc8 31.Bd8 Qxa1 32.Rxa1 Rxb5 33.Qa4 Rbb8 34.Bh4 c4 35.h3 c3 36.Rc1 Bh6
37.Bg3 Kg7 38.Kh2 Rb4 39.Qd7 Rbb8 40.Qa4 Rb4 41.Qd7 Rbc4  1/2-1/2

[Event "80th ch-BRA S/F 1 2013"]
[Site "Rio de Janeiro BRA"]
[Date "2013.10.31"]
[Round "1.20"]
[White "Sztokbant,B"]
[Black "Ferreira,Jos"]
[Result "1-0"]
[WhiteElo "2226"]
[BlackElo "1901"]

1.e4 c5 2.Nf3 e6 3.d4 cxd4 4.Nxd4 a6 5.Bd3 Nf6 6.Nc3 Qc7 7.O-O b5 8.Re1 d6
9.f4 Nbd7 10.Nd5 Qb8 11.a4 b4 12.Kh1 Bb7 13.Nxb4 Qc8 14.Na2 Nc5 15.Nc3 Be7
16.Bd2 O-O 17.b4 Ncd7 18.e5 Ne8 19.Rb1 Qb8 20.Qe2 g6 21.b5 Qc8 22.Be4 d5
23.Bf3 Ng7 24.g4 Nc5 25.f5 exf5 26.Nxd5 Bxd5 27.Bxd5 fxg4 28.Bxa8 Qxa8+ 29.Qg2 Qxg2+
30.Kxg2 Nxa4 31.bxa6 Ra8 32.Nc6 Bc5 33.a7 Ne6 34.Rb8+  1-0

[Event "80th ch-BRA S/F 1 2013"]
[Site "Rio de Janeiro BRA"]
[Date "2013.11.01"]
[Round "3.15"]
[White "Martins,Ca1"]
[Black "Ferreira,Jos"]
[Result "1-0"]
[WhiteElo "2221"]
[BlackElo "1901"]

1.e4 c5 2.Nf3 e6 3.d4 cxd4 4.Nxd4 a6 5.Bd3 Nc6 6.Nxc6 bxc6 7.O-O d5 8.c4 Nf6
9.cxd5 cxd5 10.e5 Nd7 11.f4 g6 12.Nd2 Bb7 13.Nf3 Be7 14.Be3 Nc5 15.b4 Nxd3
16.Qxd3 O-O 17.Rab1 Qd7 18.Bc5 Rfc8 19.Ng5 Bxc5+ 20.bxc5 Bc6 21.Qh3 h5 22.g4 Kg7
23.f5 exf5 24.gxf5 Kg8 25.e6 Qe7 26.exf7+ Kf8 27.Ne6+  1-0

[Event "3rd Panama Open"]
[Site "Panama City PAN"]
[Date "2013.11.02"]
[Round "4.7"]
[White "Herrera,Benjamin"]
[Black "Otero Acosta,D"]
[Result "0-1"]
[WhiteElo "1856"]
[BlackElo "2519"]

1.e4 c5 2.Nf3 e6 3.d4 cxd4 4.Nxd4 a6 5.Bd3 Bc5 6.Nb3 Ba7 7.O-O Nc6 8.Nc3 Nf6
9.Qe2 Qc7 10.Be3 Bxe3 11.Qxe3 Ng4 12.Qg3 Qxg3 13.hxg3 b5 14.a4 b4 15.Nd1 d6
16.Be2 Nf6 17.f3 Ke7 18.Ne3 a5 19.Nc4 Ba6 20.Kf2 Bxc4 21.Bxc4 Rhc8 22.Bb5 Ne5
23.Nd4 Rc5 24.Rac1 Rac8 25.Rfd1 d5 26.exd5 Rxd5 27.c4 bxc3 28.bxc3 Rdc5 29.Nb3 Rxc3
30.Rxc3 Rxc3 31.Nxa5 Rc2+ 32.Kg1 Nh5 33.f4 Ng4 34.Nc6+ Kf6 35.Nd4 Rc3 36.Ne2 Ra3
37.Rc1 Ke7 38.Rc3 Ra1+ 39.Rc1 Rxc1+ 40.Nxc1 Nxg3 41.a5 Kd6 42.Ne2 Nxe2+ 43.Bxe2 Nf6
44.Kf2 Nd5 45.Kf3 Kc5 46.a6 Kb6 47.Bd3 h6 48.Bc4 Nc7 49.f5 exf5 50.Bxf7 g5
51.Bg6 f4 52.Bd3 Nxa6 53.Bxa6 Kxa6 54.Kg4 Kb5 55.Kh5 Kc4 56.Kxh6 g4  0-1

[Event "3rd Panama Open"]
[Site "Panama City PAN"]
[Date "2013.11.03"]
[Round "5.40"]
[White "Esquivel,L"]
[Black "Sotomayor Villatoro,S"]
[Result "1-0"]
[WhiteElo "2094"]
[BlackElo "1872"]

1.e4 c5 2.Nf3 e6 3.d4 cxd4 4.Nxd4 a6 5.Bd3 Qc7 6.O-O Nf6 7.Re1 d6 8.c4 Nbd7
9.b3 b6 10.Bb2 Bb7 11.Nc3 e5 12.Nf5 g6 13.Ne3 h5 14.Bc2 h4 15.Ned5 Qd8 16.Nxf6+ Nxf6
17.Qf3 Bc8 18.Bc1 Bg4 19.Qd3 Nh5 20.Nd5 g5 21.Bd1 Be6 22.h3 Nf4 23.Nxf4 gxf4
24.Ba3 Rg8 25.Kh1 Qg5 26.Bf3 Rd8 27.Rad1 Rd7 28.Qf1 Rg6 29.Rd3 f5 30.exf5 Bxf5  1-0

[Event "3rd Panama Open"]
[Site "Panama City PAN"]
[Date "2013.11.03"]
[Round "6.17"]
[White "Lorenzana,W"]
[Black "Vilela de Acuna,J"]
[Result "1/2-1/2"]
[WhiteElo "2185"]
[BlackElo "2323"]

1.e4 c5 2.Nf3 e6 3.d4 cxd4 4.Nxd4 a6 5.Bd3 Bc5 6.Nb3 Ba7 7.Qe2 Nc6 8.Nc3 d6
9.Be3 Nge7 10.O-O-O b5 11.Bxa7 Rxa7 12.Qe3 Rb7 13.f4 Qc7 14.Kb1 O-O 15.g4 b4
16.Ne2 a5 17.Rhg1 a4 18.Nbc1 Qa5 19.h4 Bd7 20.h5 Ra8 21.h6 g6 22.Qg3 f6 23.Qh4 Rf8
24.Qf2 Qb6 25.Qxb6 Rxb6 26.Bc4 Na5 27.Bd3 Nac6  1/2-1/2

[Event "3rd Panama Open"]
[Site "Panama City PAN"]
[Date "2013.11.04"]
[Round "7.11"]
[White "Llaudy Pupo,L"]
[Black "Alvarez Pedraza,A"]
[Result "0-1"]
[WhiteElo "2269"]
[BlackElo "2490"]

1.e4 c5 2.Nf3 e6 3.d4 cxd4 4.Nxd4 a6 5.Bd3 g6 6.f4 Bg7 7.Nf3 d6 8.c4 Nc6
9.Nc3 Nf6 10.Qe2 O-O 11.O-O b6 12.Bd2 Bb7 13.Kh1 Qc7 14.Rac1 Rae8 15.b3 Nd7
16.Qf2 f5 17.exf5 gxf5 18.Bb1 Nc5 19.Ne2 Ne7 20.Be3 a5 21.Ng3 Ng6 22.Nh5 Bh8
23.Nd4 Qe7 24.Ne2 e5 25.Nhg3 Qh4 26.Rcd1 Ne6 27.Bc2 exf4 28.Nxf4 Be5 29.Nge2 Qxf2
30.Rxf2 Nexf4 31.Nxf4 Nxf4 32.Bxf4 Bxf4 33.Rxf4 Re2 34.Bxf5 Kh8 35.Bg4 Rxf4
36.Bxe2 Rf2 37.Bf3 Rxf3  0-1

[Event "Arab Clubs 2013"]
[Site "Monastir TUN"]
[Date "2013.11.05"]
[Round "3.4"]
[White "Asri,Sofiane"]
[Black "Younis,S"]
[Result "1-0"]
[WhiteElo "2074"]
[BlackElo "2282"]

1.e4 c5 2.Nf3 e6 3.d4 cxd4 4.Nxd4 a6 5.Bd3 Qb6 6.Nb3 Qc7 7.Nc3 Nf6 8.f4 d6
9.Be3 b5 10.Qe2 Bb7 11.Bf2 Be7 12.Nd4 Nc6 13.O-O-O Nxd4 14.Bxd4 e5 15.Be3 Qa5
16.a3 b4 17.axb4 Qxb4 18.Bd2 Qa5 19.Kb1 Qc7 20.g4 Nd7 21.Rhf1 O-O 22.f5 Rfc8
23.g5 Bf8 24.Qh5 Rab8 25.Rf3 g6 26.Qh4 Bg7 27.Rh3 h5 28.gxh6 Bf6 29.Qg4 Kh7
30.fxg6+ fxg6 31.Rf1 Rg8 32.Qe6 Rbf8 33.Rhf3 Nc5 34.Qc4 Qe7 35.Bg5 Nd7 36.h4 Rf7
37.Nd5 Bxd5 38.exd5 Rff8 39.Qc7 Bxg5 40.hxg5 Rxf3 41.Rxf3 Re8 42.Bxa6 e4
43.Rf1 Ne5 44.Qxe7+ Rxe7 45.Rf6 Nf3 46.Re6 Ra7 47.Bb5 Nxg5 48.Rxd6 e3 49.Rc6 Ne4
50.c3 Ra5 51.Bd3 e2 52.Bxe2 Rxd5 53.Kc1 Ng3 54.Bc4 Rd7 55.b4 Ne4 56.Kb2 Rd2+
57.Kb3 Rf2 58.Bd3 Nd2+ 59.Ka4 Kxh6 60.b5 Rf8  1-0

[Event "3rd Panama Open"]
[Site "Panama City PAN"]
[Date "2013.11.05"]
[Round "9.20"]
[White "Gascon,Jose Rafael"]
[Black "Lorenzana,W"]
[Result "1-0"]
[WhiteElo "2295"]
[BlackElo "2185"]

1.e4 c5 2.Nf3 e6 3.d4 cxd4 4.Nxd4 a6 5.Bd3 Bc5 6.Nb3 Be7 7.O-O Qc7 8.f4 d6
9.Nc3 Nf6 10.e5 Nfd7 11.exd6 Bxd6 12.Ne4 Be7 13.f5 exf5 14.Rxf5 Ne5 15.Rf1 O-O
16.Bg5 Nbc6 17.Bxe7 Qxe7 18.Qh5 Nxd3 19.cxd3 f5 20.Ng5 h6 21.Nh3 Qf7 22.Qxf7+ Rxf7
23.Rfe1 b6 24.Nf4 Bd7 25.Rac1 a5 26.Nd5 Rb8 27.a3 a4 28.Nd2 b5 29.Nf3 b4
30.axb4 Nxb4 31.Ne7+ Kh7 32.Rc7 Bb5 33.d4 Re8 34.d5 Rd8 35.Nd4 Nd3 36.Re3 f4
37.Rh3 Rd7 38.Nxb5 Rfxe7 39.Rxd3 Rxc7 40.Nxc7 Rxc7 41.Rd4 Rc1+ 42.Kf2 Rc2+
43.Kf3 Rxb2 44.Rxa4 Rd2 45.Ke4 Kg6 46.Rd4 Rxd4+ 47.Kxd4 Kf6 48.Ke4 g5 49.h4 gxh4
50.Kxf4 h5 51.Ke4 Ke7 52.Kf5 Kd6 53.Kg5  1-0

[Event "3rd Panama Open"]
[Site "Panama City PAN"]
[Date "2013.11.05"]
[Round "9.39"]
[White "Gutierrez,L"]
[Black "Sotomayor Villatoro,S"]
[Result "1-0"]
[WhiteElo "2079"]
[BlackElo "1872"]

1.e4 c5 2.Nf3 e6 3.d4 cxd4 4.Nxd4 a6 5.Bd3 Qc7 6.O-O Nf6 7.Kh1 Be7 8.Nc3 O-O
9.f4 d6 10.Qe2 Nbd7 11.Bd2 Qc5 12.Nb3 Qc7 13.Rae1 e5 14.f5 Nc5 15.g4 Re8
16.g5 Nfd7 17.Nd5 Qd8 18.Bc4 g6 19.Qf2 Kh8 20.fxg6 fxg6 21.Qf7 Nb6 22.Nf6 Bxf6
23.gxf6 Qd7 24.Bh6 Nxc4 25.Bg7+  1-0

[Event "Arab Clubs 2013"]
[Site "Monastir TUN"]
[Date "2013.11.07"]
[Round "5.2"]
[White "Ghattour,M"]
[Black "Ahmed,Abdu"]
[Result "0-1"]
[WhiteElo "2127"]
[BlackElo "2254"]

1.e4 c5 2.Nf3 e6 3.d4 cxd4 4.Nxd4 a6 5.Bd3 Nf6 6.O-O d6 7.c4 b6 8.Nc3 Bb7
9.Qe2 Nbd7 10.Bc2 Rc8 11.Re1 Be7 12.a4 Qc7 13.b3 O-O 14.Bb2 Rfe8 15.Rad1 Bf8
16.Kh1 g6 17.Nf3 Ne5 18.Nd2 Nh5 19.Qf1 Bh6 20.Ne2 d5 21.f4 Ng4 22.Qf3 f5
23.Bc3 Ngf6 24.e5 dxc4 25.Qf2 Nd5 26.Nxc4 Ndxf4 27.Nxf4 Nxf4 28.Kg1 Nxg2
29.Re2 Nf4  0-1

[Event "TCh-CRO II Liga 2013"]
[Site "Makarska CRO"]
[Date "2013.11.08"]
[Round "7.2"]
[White "Deur,Z"]
[Black "Sutkovic,D"]
[Result "1-0"]
[WhiteElo "2112"]
[BlackElo "2344"]

1.e4 c5 2.Nf3 e6 3.d4 cxd4 4.Nxd4 a6 5.Bd3 Bc5 6.Nb3 Be7 7.c4 Nc6 8.Nc3 Nf6
9.Be3 O-O 10.O-O d6 11.Rc1 Ne5 12.Be2 b6 13.f4 Ned7 14.Bf3 Bb7 15.Nd4 Rc8
16.e5 Bxf3 17.Qxf3 dxe5 18.Nc6 Rxc6 19.Qxc6 Ng4 20.Rfd1 Nxe3 21.Rxd7 Qe8
22.Na4 exf4 23.Nxb6 Bf6 24.Na4 Bd4 25.Kh1 Ng4 26.Re1 Nf2+ 27.Kg1 Nd3+ 28.Kf1 Nxe1
29.Kxe1 e5 30.c5 f3 31.gxf3 f6 32.Qd5+ Kh8 33.c6 Qg6 34.Rd8 Qg1+ 35.Kd2 Qf2+
36.Kd1 Qf1+ 37.Kc2 Qe2+ 38.Kb3 Qd1+ 39.Ka3 Bxb2+ 40.Nxb2 Rxd8 41.Qxd1  1-0

[Event "Arab Clubs 2013"]
[Site "Monastir TUN"]
[Date "2013.11.08"]
[Round "7.2"]
[White "Amdouni,Z"]
[Black "Ahmed,Abdu"]
[Result "0-1"]
[WhiteElo "2247"]
[BlackElo "2254"]

1.e4 c5 2.Nf3 e6 3.d4 cxd4 4.Nxd4 a6 5.Bd3 Nf6 6.O-O d6 7.f4 b6 8.Kh1 Bb7
9.Qe1 Be7 10.Nd2 O-O 11.N2f3 g6 12.Ng5 Nc6 13.Be3 Nxd4 14.Bxd4 Nh5 15.Qe3 b5
16.Bb6 Qd7 17.f5 exf5 18.exf5 Bxg2+ 19.Kxg2 Bxg5 20.Qxg5 Qc6+ 21.Rf3 Qxb6
22.Rh3 Qc6+ 23.Kg1 Qc5+ 24.Kf1 Qd5 25.Re1 Rae8 26.Be2 f6 27.Qg4 Re4 28.Rd1 Qe5
29.Qg2 Rxe2 30.Qxe2 Qxe2+ 31.Kxe2 Nf4+ 32.Kf3 Nxh3  0-1

[Event "TCh-SVK Ext 2013-14"]
[Site "Slovakia SVK"]
[Date "2013.11.10"]
[Round "2.2"]
[White "Nayhebaver,Martin"]
[Black "Csonka,A1"]
[Result "1/2-1/2"]
[WhiteElo "2198"]
[BlackElo "2370"]

1.e4 c5 2.Nf3 e6 3.d4 cxd4 4.Nxd4 a6 5.Bd3 Qc7 6.O-O Nc6 7.Nb3 Nf6 8.Nc3 b5
9.Be3 Ne5 10.f4 Nc4 11.Bxc4 bxc4 12.Nd4 Bb7 13.e5 Nd5 14.Nxd5 Bxd5 15.b3 Bc5
16.Qe2 O-O 17.Qf2 f6 18.Nxe6 dxe6 19.Bxc5 Rf7 20.Bd6 Qc6 21.Rad1 a5 22.Qg3 f5
23.Rd4 cxb3 24.cxb3 a4 25.bxa4 Rb7 26.Qf2 Rxa4 27.Rxa4 Qxa4 28.Rc1 h6 29.a3 Qe4
30.Bb4 Kh7 31.h3 Rd7 32.Qg3 Bc6 33.Bd6 Rb7 34.Bb4 Rd7 35.Re1 Qc2 36.Qf2 Qc4
37.Bd6 Rb7 38.Bb4 Rd7 39.Bd6 Rb7 40.Bb4  1/2-1/2

[Event "Chinese Teams 2013"]
[Site "Shijiazhuang CHN"]
[Date "2013.11.12"]
[Round "16.3"]
[White "Zhang Xiaowen"]
[Black "Pham Le Thao Nguyen"]
[Result "1-0"]
[WhiteElo "2400"]
[BlackElo "2360"]

1.e4 c5 2.Nf3 e6 3.d4 cxd4 4.Nxd4 a6 5.Bd3 Bc5 6.Nb3 Be7 7.O-O d6 8.c4 Nf6
9.Nc3 O-O 10.f4 Nbd7 11.Be3 b6 12.Qf3 Bb7 13.Qh3 Re8 14.Rad1 Qc7 15.g4 g6
16.g5 Nh5 17.Be2 Ng7 18.Bd4 e5 19.fxe5 Nxe5 20.Bxe5 dxe5 21.Rd7 Qc6 22.Rxe7 Rxe7
23.Nd5 Re6 24.Bg4 Nh5 25.Bxe6 Qxe6 26.Qxe6 fxe6 27.Nxb6 Rb8 28.Nd7 Rc8 29.Nbc5 Ba8
30.Nxe6 Bxe4 31.Nf6+ Nxf6 32.gxf6 Bf5 33.Ng5 Rxc4 34.Nf3 e4 35.Ne5 Rc5 36.f7+ Kg7
37.f8=Q+  1-0

[Event "TCh-BEL 2013-14"]
[Site "Belgium BEL"]
[Date "2013.11.17"]
[Round "4.5"]
[White "Rihouay,C"]
[Black "Lemmers,O"]
[Result "1/2-1/2"]
[WhiteElo "2198"]
[BlackElo "2383"]

1.e4 c5 2.Nf3 e6 3.d4 cxd4 4.Nxd4 a6 5.Bd3 Bc5 6.Nb3 Be7 7.c4 d6 8.Nc3 b6
9.Be3 Nf6 10.a4 Nc6 11.Nd4 Ne5 12.Be2 Bb7 13.f4 Ned7 14.Bf3 Rc8 15.b3 Qc7
16.f5 Nc5 17.fxe6 fxe6 18.b4 Ncxe4 19.Nxe4 Nxe4 20.Bxe4 Bxe4 21.O-O Bf5 22.Nxf5 exf5
23.Rxf5 Bf6 24.Bd4 O-O 25.Bxf6 Qxc4 26.Qxd6 Rc6 27.Qd5+ Qxd5 28.Rxd5 Rfxf6
29.b5 axb5 30.axb5 Rcd6 31.Rad1  1/2-1/2

[Event "4th Brno Open 2013"]
[Site "Brno CZE"]
[Date "2013.11.17"]
[Round "3.6"]
[White "Tabola,Marcin"]
[Black "Vorobyov,Y"]
[Result "1/2-1/2"]
[WhiteElo "1990"]
[BlackElo "2226"]

1.e4 c5 2.Nf3 e6 3.d4 cxd4 4.Nxd4 a6 5.Bd3 Nf6 6.O-O d6 7.a4 b6 8.Nc3 Bb7
9.Kh1 Nbd7 10.f4 Qc7 11.Qe2 Be7 12.Bd2 Nc5 13.Rae1 Nxd3 14.cxd3 Nd7 15.f5 e5
16.Nc2 Nf6 17.Ne3 Rd8 18.Nc4 h6 19.Be3 Nd7 20.Rc1 O-O 21.Nxb6 Nxb6 22.a5 Nc8
23.f6 Qd7 24.fxe7 Nxe7 25.d4 exd4 26.Bxd4 Rde8  1/2-1/2

[Event "Great Hopes GM 2013"]
[Site "Budapest HUN"]
[Date "2013.11.18"]
[Round "3.2"]
[White "Varga,Zo"]
[Black "Horvath,Cs1"]
[Result "0-1"]
[WhiteElo "2441"]
[BlackElo "2515"]

1.e4 c5 2.Nf3 e6 3.d4 cxd4 4.Nxd4 a6 5.Bd3 Bc5 6.Nb3 Be7 7.Qg4 g6 8.Qe2 d6
9.O-O Nd7 10.a4 Ne5 11.Na3 Nf6 12.Bh6 Nfg4 13.Bf4 O-O 14.a5 Bd7 15.h3 Nf6
16.Be3 d5 17.exd5 Nxd5 18.Bh6 Nxd3 19.Qxd3 Re8 20.Rfd1 Qc7 21.c4 Nf6 22.Bg5 Rad8
23.Qe3 Ba4 24.Rxd8 Rxd8 25.Nd4 Qc5 26.Nf3 Qxe3 27.Bxe3 Ne4 28.Nd4 e5 29.Nf3 f6
30.Ne1 Nc5 31.Nac2 Be8 32.b4 Nb3 33.Ra3 Nd2 34.c5 Bb5 35.Ra1 Nc4 36.Kh2 f5
37.Nf3 f4 38.Bc1 Rd1 39.Nfe1 Bf6 40.Rb1 e4  0-1

[Event "Chennai GM Open 2013"]
[Site "Chennai IND"]
[Date "2013.11.22"]
[Round "10.10"]
[White "Ter Sahakyan,S"]
[Black "Baghdasaryan,V"]
[Result "1-0"]
[WhiteElo "2568"]
[BlackElo "2393"]

1.e4 c5 2.Nf3 e6 3.d4 cxd4 4.Nxd4 a6 5.Bd3 Nf6 6.O-O Qc7 7.Qe2 d6 8.c4 Be7
9.Nc3 Nc6 10.Be3 Ne5 11.Rac1 O-O 12.Bb1 Neg4 13.Bd2 d5 14.Nf3 d4 15.e5 Nd7
16.Nxd4 Ndxe5 17.Bf4 Qxc4 18.Qe4 f5 19.Nxf5 exf5 20.Qxc4+ Nxc4 21.Nd5 Bh4
22.Nc7 Nb6 23.g3 Rb8 24.gxh4 Bd7 25.Rfd1 Nf6 26.a3 Nh5 27.Be3 Bc6 28.Bxb6 Nf4
29.Kf1 Rf6 30.Be3 Nh3 31.Nd5  1-0

[Event "TCh-CZE Vychod 2013-14"]
[Site "Czech Rep CZE"]
[Date "2013.11.23"]
[Round "5.2"]
[White "Brecka,I"]
[Black "Ponizil,C"]
[Result "1/2-1/2"]
[WhiteElo "2345"]
[BlackElo "2432"]

1.e4 c5 2.Nf3 e6 3.d4 cxd4 4.Nxd4 a6 5.Bd3 Bc5 6.Nb3 Be7 7.Qg4 g6 8.Qe2 d6
9.O-O Nd7 10.Na3 Qc7 11.Bd2 b6 12.Nc4 Bb7 13.a4 Ngf6 14.Bh6 Ne5 15.Nxe5 dxe5
16.Rfd1 Nd7 17.Rd2 g5 18.h4 gxh4 19.Rad1 Nc5 20.Nxc5 bxc5 21.Qg4 O-O-O 22.Qh5 Bf6
23.Qf3 Qe7 24.Qe2 Rd6 25.Be3 Rc6 26.Bc4 Rg8 27.Qf3 Rg6 28.Rd3 Qe8 29.Rd6 Rxd6
30.Rxd6 Qxa4 31.b3 Qa5 32.Rd1 Qc7 33.Kh2 Bd8 34.Qe2 Qc6 35.f3 f5 36.exf5 exf5
37.Bd5 Qc7 38.Bxb7+ Kxb7 39.Bxc5 e4+ 40.Kh1 h3 41.g4 Qxc5 42.Rxd8 Kc7  1/2-1/2

[Event "10th Vasylyshyn Memorial IM"]
[Site "Lviv UKR"]
[Date "2013.11.24"]
[Round "6"]
[White "Grekh,A"]
[Black "Tantsiura,M"]
[Result "1-0"]
[WhiteElo "2375"]
[BlackElo "2206"]

1.e4 c5 2.Nf3 e6 3.d4 cxd4 4.Nxd4 a6 5.Bd3 Bc5 6.Nb3 Ba7 7.O-O Nc6 8.Qe2 d6
9.Be3 Nf6 10.N1d2 O-O 11.c4 Bxe3 12.Qxe3 b6 13.f4 Ra7 14.Rad1 Rd7 15.Nf3 Bb7
16.e5 Ng4 17.Qe2 Nh6 18.Qd2 Ne7 19.Kh1 Nef5 20.Bxf5 Nxf5 21.c5 Bxf3 22.Rxf3 d5
23.c6 Rc7 24.Rc1 Qa8 25.g4 Ne7 26.Nd4 Ng6 27.Rh3 Qd8 28.Rf1 Re8 29.g5 Qe7
30.Rb3 Rb8 31.a4 Rcc8 32.Qf2 Qc5 33.Rc3 Qb4 34.c7 Ra8 35.f5 exf5 36.Nxf5 Nxe5
37.Qf4 Qxf4 38.Rxf4 Ng6 39.Rf1 Ra7 40.Rfc1 d4 41.Nxd4 Ne7 42.Re1 Ng6 43.Nf5 h6
44.Rec1  1-0

[Event "29th Voivoda Cup"]
[Site "Legnica POL"]
[Date "2013.11.25"]
[Round "7"]
[White "Wieczorek,O"]
[Black "Agopov,M"]
[Result "1-0"]
[WhiteElo "2402"]
[BlackElo "2435"]

1.e4 c5 2.Nf3 e6 3.d4 cxd4 4.Nxd4 a6 5.Bd3 Bc5 6.Nb3 Be7 7.Be3 d6 8.N1d2 Nd7
9.f4 b6 10.Qe2 Bb7 11.O-O-O h5 12.g3 Ngf6 13.h3 Qc7 14.g4 d5 15.e5 Ne4 16.Bxe4 dxe4
17.gxh5 O-O-O 18.Nc4 Kb8 19.Rhg1 Bd5 20.Nd6 Bxd6 21.exd6 Qxd6 22.Rxg7 Qf8
23.Rg3 Kb7 24.Bd4 Rh7 25.c4 Bc6 26.c5 f5 27.cxb6 Qb4 28.Rc3 Nxb6 29.Nc5+ Ka8
30.Nxe6 Bb5 31.Qc2 Bd3 32.Rcxd3 exd3 33.Qc6+ Kb8 34.Be5+ Ka7 35.Nxd8  1-0

[Event "St Louis Classic IM 2013"]
[Site "Saint Louis USA"]
[Date "2013.11.26"]
[Round "6.5"]
[White "Agrest,I"]
[Black "Gorovets,A"]
[Result "1/2-1/2"]
[WhiteElo "2160"]
[BlackElo "2480"]

1.e4 c5 2.Nf3 e6 3.d4 cxd4 4.Nxd4 a6 5.Bd3 Nf6 6.O-O e5 7.Nb3 d6 8.c4 Be7
9.Nc3 Be6 10.a4 a5 11.h3 Nc6 12.Be3 Nd7 13.Nd5 h6 14.Be2 Bg5 15.Bg4 Bxe3
16.Bxe6 Ba7 17.Qh5 O-O 18.Bxd7 Qxd7 19.Rad1 f5 20.c5 fxe4 21.Nc3 Qe6 22.Rxd6 Qxb3
23.Rxh6 gxh6 24.Qg6+ Kh8  1/2-1/2

[Event "ch-IRI 2013"]
[Site "Tabriz IRI"]
[Date "2013.11.27"]
[Round "1.15"]
[White "Hosseinipour,M"]
[Black "Asgharzadeh,M.reza"]
[Result "1/2-1/2"]
[WhiteElo "2281"]
[BlackElo "2143"]

1.e4 c5 2.Nf3 e6 3.d4 cxd4 4.Nxd4 a6 5.Bd3 Nf6 6.O-O Qc7 7.Be3 d6 8.c4 Nbd7
9.Nd2 b6 10.f4 Bb7 11.N4b3 g6 12.Qe2 Bg7 13.Rac1 O-O 14.Bb1 Rad8 15.Kh1 Nc5
16.Nxc5 bxc5 17.Bf2 Nh5 18.Bh4 Bxb2 19.Bxd8 Qxd8 20.Rcd1 Bg7 21.Nb3 e5 22.f5 Nf4
23.Qd2 gxf5 24.Nxc5 Ba8 25.Nd3 Nxg2 26.Qxg2 Bxe4 27.Rf3 Bxf3 28.Qxf3 e4 29.Qxf5 exd3
30.Bxd3 Qh4 31.Rf1 Be5 32.Rf2 Kh8 33.Re2 Rg8 34.c5 Bd4 35.Rg2 Qe1+ 36.Bf1 Rxg2
37.Kxg2 Qd2+ 38.Kh3 Qe3+ 39.Kg4 Qg1+ 40.Kh3 Qe3+  1/2-1/2